Scotland Euro 2024 Squad - Statistics

General Stats
  • This quiz has been taken 16 times
  • The average score is 15 of 26
Answer Stats
Position Club Player % Correct
DF Liverpool Andrew Robertson
100%
GK Norwich City Angus Gunn
86%
MF Celtic Callum McGregor
86%
MF Aston Villa John McGinn
86%
DF Arsenal Kieran Tierney
86%
MF Napoli Scott McTominay
86%
FW Torino Che Adams
79%
DF Celtic Anthony Ralston
71%
MF Napoli Billy Gilmour
71%
DF Norwich City Grant Hanley
71%
DF Al-Ettifaq Jack Hendry
71%
MF Vancouver Whitecaps Stuart Armstrong
64%
FW Hearts Lawrence Shankland
57%
MF Norwich City Kenny McLean
50%
DF UD Las Palmas Scott McKenna
50%
DF Celtic Greg Taylor
43%
MF Celtic James Forrest
43%
GK Rangers Liam Kelly
43%
FW Bournemouth Ryan Christie
43%
DF Watford Ryan Porteous
43%
DF CSKA Sofia Liam Cooper
36%
FW Middlesbrough Tommy Conway
36%
MF New York Red Bulls Lewis Morgan
29%
DF Bristol City Ross McCrorie
29%
MF Esenler Erokspor Ryan Jack
29%
GK Hearts Zander Clark
21%
No matching quizzes found
Score Distribution
Percent of People with Each Score
Percentile by Number Answered
Your Score History
You have not taken this quiz